Library Banner

Universal dimensions of Atatürk / (Record no. 100173)

MARC details
000 -LEADER
fixed length control field 00720cam a2200205 a 4500
001 - CONTROL NUMBER
control field 13981149
005 - DATE AND TIME OF LATEST TRANSACTION
control field 20171122103241.0
008 - FIXED-LENGTH DATA ELEMENTS--GENERAL INFORMATION
fixed length control field 050525s2002 tu b 000 0 eng
020 ## - INTERNATIONAL STANDARD BOOK NUMBER
International Standard Book Number 9789699195099
040 ## - CATALOGING SOURCE
Transcribing agency PK-LaUMT
082 ## - DEWEY DECIMAL CLASSIFICATION NUMBER
Classification number TRC 956.1024
Item number BOZ-U
100 1# - MAIN ENTRY--PERSONAL NAME
Personal name Bozdag, Ismet
245 10 - TITLE STATEMENT
Title Universal dimensions of Atatürk /
Statement of responsibility, etc İsmet Bozdağ ; translated from the Turkish by Masud Akhtar Shaikh.
260 ## - PUBLICATION, DISTRIBUTION, ETC. (IMPRINT)
Place of publication, distribution, etc Islamabad :
Name of publisher, distributor, etc Masud Publishers,
Date of publication, distribution, etc 2011
300 ## - PHYSICAL DESCRIPTION
Extent 182 p. ;
Dimensions 20 cm.
490 1# - SERIES STATEMENT
Series statement Publications of the Republic of Turkey Ministry of Culture ;
Volume number/sequential designation 2863.
Series statement Directorate of Publications.
-- Republic library series ;
Volume number/sequential designation 24
500 ## - GENERAL NOTE
General note Translated from Turkish.
650 #0 - SUBJECT ADDED ENTRY--TOPICAL TERM
Topical term or geographic name as entry element Kemalism.
942 ## - ADDED ENTRY ELEMENTS (KOHA)
Koha item type Turkish Collection
Holdings
Withdrawn status Lost status Damaged status Home library Current library Date acquired Full call number Barcode Date last seen Price effective from Koha item type Copy number
      UMT Main Campus UMT Main Campus 2017-11-22 TRC 956.1024 BOZ-U 116052 2018-03-24 2017-11-22 Turkish Collection  
      UMT Main Campus UMT Main Campus 2017-11-22 TRC 956.1024 BOZ-U 116053 2018-03-24 2017-11-22 Turkish Collection C. 2